Guess the Taylor Swift song no hints #41 - Statistics

General Stats
  • This quiz has been taken 60 times
  • The average score is 181 of 239
Answer Stats
Answer % Correct
I
100%
you
100%
You
100%
a
97%
A
97%
the
97%
The
97%
it
95%
your
95%
you're
95%
And
92%
and
92%
in
92%
no
92%
when
92%
It's
89%
on
89%
me
87%
be
84%
don't
84%
Don't
84%
know
84%
Like
84%
one
84%
So
84%
they
84%
They
84%
at
82%
by
82%
for
82%
For
82%
That
82%
that
82%
this
82%
time
82%
What
82%
what
82%
are
79%
But
79%
can
79%
Look
79%
see
79%
with
79%
can't
76%
that's
76%
thing
76%
well
76%
would
76%
baby
74%
just
74%
Take
74%
times
74%
You'll
74%
about
71%
from
71%
little
71%
made
71%
million
71%
show
71%
Tell
71%
their
71%
wanna
71%
affairs
68%
friends
68%
illicit
68%
myself
68%
only
68%
out
68%
always
66%
anyone
66%
call
66%
colors
66%
damn
66%
dies
66%
down
66%
else
66%
eyes
66%
first
66%
kid
66%
meetings
66%
ruin
66%
showed
66%
single
66%
speak
66%
stolen
66%
fool
63%
godforsaken
63%
head
63%
him
63%
language
63%
leave
63%
Leave
63%
less
63%
mess
63%
secret
63%
stares
63%
taught
63%
even
61%
few
61%
hundred
61%
idiotic
61%
lie
61%
longing
61%
Make
61%
scream
61%
beautiful
58%
Ends
58%
exist
58%
keep
58%
lots
58%
over
58%
parking
58%
return
58%
rooms
58%
run
58%
started
58%
words
58%
born
55%
clandestine
55%
drug
55%
flushed
55%
high
55%
sees
55%
stop
55%
truth
55%
worked
55%
yourself
55%
glance
53%
Hood
53%
mercurial
53%
picked
53%
shelf
53%
trace
53%
traveled
53%
behind
50%
nobody
50%
perfume
50%
sure
50%
dwindling
45%
roads
37%
No matching quizzes found
Score Distribution
Percent of People with Each Score
Percentile by Number Answered
Your Score History
You have not taken this quiz